|
|
|
|
| LEADER |
01066pam a22003258a 4500 |
| 001 |
00032307 |
| 005 |
20171026081025.0 |
| 008 |
140606s2009 ||||||engsd |
| 020 |
# |
# |
|a 9780071258357
|c 145000
|
| 041 |
0 |
# |
|a eng
|
| 082 |
1 |
4 |
|a 428
|b M400S
|
| 100 |
1 |
# |
|a Werner, Patricia K.
|
| 245 |
1 |
0 |
|a Mosaic 2
|b Grammar
|c Patricia K. Werner, John P. Nelson
|
| 250 |
# |
# |
|a silver edition
|
| 260 |
# |
# |
|a TP Hồ Chí Minh
|b McGraw-Hill; Tổng hợp TP Hồ Chí Minh
|c 2009
|
| 300 |
# |
# |
|a xix, 498 p.
|b ill.
|c 26 cm.
|
| 490 |
# |
# |
|a Tủ sách tiếng Anh cho sinh viên
|
| 653 |
# |
# |
|a Ngôn ngữ
|
| 653 |
# |
# |
|a Ngữ pháp
|
| 653 |
# |
# |
|a Tiếng Anh
|
| 653 |
# |
# |
|a Tự học
|
| 700 |
1 |
# |
|a Nelson, John P.
|
| 852 |
# |
# |
|b Kho mượn
|j KM.0016965, KM.0016966, KM.0020973, KM.0020974
|
| 852 |
# |
# |
|b Kho đọc
|j KD.0019909
|
| 852 |
# |
# |
|j KD.0019909
|j KM.0020973
|j KM.0020974
|j KM.0016965
|j KM.0016966
|
| 910 |
0 |
# |
|d 6/6/2014
|
| 980 |
# |
# |
|a Trung tâm Học liệu Lê Vũ Hùng, Trường Đại học Đồng Tháp
|